<?xml version="1.0" encoding="UTF-8"?>
<collection xmlns="http://www.loc.gov/MARC21/slim">
  <record>
    <leader>00000nam  2200000   4500</leader>
    <datafield tag="247" ind1="#" ind2="#">
      <subfield code="a"/>
    </datafield>
    <datafield tag="856" ind1="#" ind2="#">
      <subfield code="a"/>
    </datafield>
    <datafield tag="700" ind1=" " ind2="#">
      <subfield code="a"/>
    </datafield>
    <datafield tag="650" ind1=" " ind2="#">
      <subfield code="a">Keuangan Daerah</subfield>
    </datafield>
    <datafield tag="520" ind1=" " ind2="#">
      <subfield code="a"/>
    </datafield>
    <datafield tag="321" ind1="#" ind2="#">
      <subfield code="a"/>
    </datafield>
    <datafield tag="310" ind1="#" ind2="#">
      <subfield code="a"/>
    </datafield>
    <datafield tag="300" ind1="#" ind2="#">
      <subfield code="a">xx, 358 halaman</subfield>
      <subfield code="b">ilus</subfield>
      <subfield code="c">24 cm</subfield>
      <subfield code="e"/>
    </datafield>
    <datafield tag="260" ind1="#" ind2="#">
      <subfield code="a">Yogyakarta</subfield>
      <subfield code="b">UPP AMP YKPN</subfield>
      <subfield code="c">2001</subfield>
    </datafield>
    <controlfield tag="001">$a INLIS000000000020950</controlfield>
    <datafield tag="245" ind1="#" ind2="#">
      <subfield code="a">Bunga Rampai Manajemen Keuangan Daerah</subfield>
      <subfield code="b"/>
      <subfield code="c"/>
    </datafield>
    <datafield tag="100" ind1=" " ind2="#">
      <subfield code="a"/>
    </datafield>
    <datafield tag="084" ind1="#" ind2="#">
      <subfield code="a">352  BUN</subfield>
    </datafield>
    <datafield tag="082" ind1="#" ind2="#">
      <subfield code="a">352</subfield>
    </datafield>
    <datafield tag="035" ind1="#" ind2="#">
      <subfield code="a">0010-0626000044</subfield>
    </datafield>
    <datafield tag="020" ind1="#" ind2="#">
      <subfield code="a">979 8170 72 5</subfield>
    </datafield>
    <controlfield tag="008">$a 260630################g##########0#ind##</controlfield>
    <controlfield tag="005">$a 20260630110304</controlfield>
  </record>
</collection>
